| Tag |
First Indicator |
Second Indicator |
Subfields |
| LEADER |
00000cam a22000008i 4500 |
| 001 |
in00000041247 |
| 005 |
20151007072517.0 |
| 008 |
791113s1980 nyu 00110 eng |
| 010 |
|
|
|a 79024997
|
| 020 |
|
|
|a 0690018738
|
| 035 |
|
|
|a (OCoLC)05751026
|
| 035 |
|
|
|9 AAE8009AM
|
| 040 |
|
|
|a DLC
|c DLC
|d TXA
|d UtOrBLW
|
| 049 |
|
|
|a TXAM
|c [1405781]
|
| 050 |
0 |
0 |
|a BF637.C47
|b R8
|
| 082 |
0 |
|
|a 158/.1
|
| 100 |
1 |
|
|a Ruben, Harvey L.
|
| 245 |
1 |
0 |
|a Competing, understanding and winning the strategic games we all play /
|c Harvey L. Ruben.
|
| 250 |
|
|
|a 1st ed.
|
| 263 |
|
|
|a 8004
|
| 264 |
|
1 |
|a New York :
|b Lippincott & Crowell,
|c [1980]
|
| 264 |
|
4 |
|c ©1980
|
| 300 |
|
|
|a xiv, 207 pages ;
|c 25 cm.
|
| 336 |
|
|
|a text
|b txt
|2 rdacontent
|
| 337 |
|
|
|a unmediated
|b n
|2 rdamedia
|
| 338 |
|
|
|a volume
|b nc
|2 rdacarrier
|
| 500 |
|
|
|a Includes index.
|
| 650 |
|
0 |
|a Competition (Psychology)
|
| 999 |
|
|
|a MARS
|
| 999 |
f |
f |
|s 983b1ace-a4f3-31db-b840-c355e5ac6ec4
|i 5de36b23-c0c0-3685-8320-5ca71a95d08a
|t 0
|
| 952 |
f |
f |
|p ric
|a Texas A&M University
|b Rellis Campus
|c Joint Library Facility
|d Remote Storage
|t 0
|e BF637.C47 R8
|h Library of Congress classification
|i unmediated -- volume
|m A14801688353
|
| 998 |
f |
f |
|a BF637.C47 R8
|t 0
|l Remote Storage
|